Начальный курс китайского языка: учебник; [в 3 ч.]

Detalles Bibliográficos
Autor Principal: Задоенко Т. П. Тамара Павловна
Outros autores: Хуан Шуин
Idioma:ruso
chinés
Publicado: Москва, Восточная книга, 2011-2013
Edición:5-е изд., испр. и доп.
Formato: MixedMaterials Libro
KOHA link:https://koha.lib.tpu.ru/cgi-bin/koha/opac-detail.pl?biblionumber=234254

MARC

LEADER 00000nam1a2200000 4500
001 234254
005 20231031203802.0
035 |a (RuTPU)RU\TPU\book\255365 
090 |a 234254 
100 |a 20130321d2011 m y0rusy50 ca 
101 0 |a rus  |a chi 
102 |a RU 
200 1 |a Начальный курс китайского языка  |e учебник  |e [в 3 ч.]  |f Т. П. Задоенко, Хуан Шуин 
205 |a 5-е изд., испр. и доп. 
210 |a Москва  |c Восточная книга  |d 2011-2013 
700 1 |a Задоенко  |b Т. П.  |g Тамара Павловна 
701 0 |a Хуан Шуин 
801 1 |a RU  |b 63413507  |c 20130321 
801 2 |a RU  |b 63413507  |c 20130321  |g RCR 
942 |c BK